Деградация мелиорированных почв России и сопредельных стран в результате изменения их водного режима и способы защиты (Запись № 10289318)

Подробности
000 -МАРКЕР
контрольное поле 02414nam0a2200373 i 4500
001 - ИДЕНТИФИКАТОР ЗАПИСИ
контрольное поле RU\NLR\BIBL_A\010831133
005 - ИДЕНТИФИКАТОР ВЕРСИИ
контрольное поле 20260405090255.0
010 ## - МЕЖДУНАРОДНЫЙ СТАНДАРТНЫЙ НОМЕР КНИГИ (ISBN)
Номер (ISBN) 9785896093381
Тираж 200
021 ## - НОМЕР ГОСУДАРСТВЕННОЙ РЕГИСТРАЦИИ
Код страны российская федерация
Номер 2015-57216
Номер Листа государственной регистраци 3388
035 ## - ДРУГИЕ СИСТЕМНЫЕ НОМЕРА
Идентификатор записи (NILC)RuMoRGB-007988133
035 ## - ДРУГИЕ СИСТЕМНЫЕ НОМЕРА
Идентификатор записи (NLR Aleph) 010831133
100 ## - ДАННЫЕ ОБЩЕЙ ОБРАБОТКИ
Данные общей обработки 20150910d2014 um y0rusy50 ca
101 0# - ЯЗЫК РЕСУРСА
Язык текста, звукозаписи и т.д. русский
Язык резюме английский
102 ## - СТРАНА ПУБЛИКАЦИИ ИЛИ ПРОИЗВОДСТВА
Страна публикации российская федерация
105 ## - ПОЛЕ КОДИРОВАННЫХ ДАННЫХ: ТЕКСТОВЫЕ МАТЕРИАЛЫ, МОНОГРАФИЧЕСКИЕ
Кодированные данные о монографическом текстовом документе a|||j||||01yy
200 1# - ЗАГЛАВИЕ И СВЕДЕНИЯ ОБ ОТВЕТСТВЕННОСТИ
Основное заглавие Деградация мелиорированных почв России и сопредельных стран в результате изменения их водного режима и способы защиты
Параллельное заглавие Degradation of ameliorated soils in Russia and adjacent countries as resulted from changes in their water regime. Methods of protection
Сведения, относящиеся к заглавию учебное пособие для студентов высших учебных заведений по направлению высшего профессионального образования 021900 "Почвоведение"
Первые сведения об ответственности Ф. Р. Зайдельман
Язык параллельного заглавия английский
210 ## - ПУБЛИКАЦИЯ, РАСПРОСТРАНЕНИЕ И ДР.
Место издания, распространения и т.д. Воронеж
Имя издателя, распространителя и т. д. Кварта
Место издания, распространения и т.д. [Москва]
Имя издателя, распространителя и т. д. Московский государственный университет
Дата издания, распространения и т.д. 2014
215 ## - ФИЗИЧЕСКАЯ ХАРАКТЕРИСТИКА
Специфическое обозначение материала и объем 268 с.
Другие сведения о физической характеристике ил.
Размеры 24
300 ## - ОБЩИЕ ПРИМЕЧАНИЯ
Текст примечания Авт. также на англ. яз.: Zaidelman F. R.
300 ## - ОБЩИЕ ПРИМЕЧАНИЯ
Текст примечания Рез. на англ. яз.
320 ## - ПРИМЕЧАНИЯ О НАЛИЧИИ В ДОКУМЕНТЕ БИБЛИОГРАФИИ / УКАЗАТЕЛЯ
Текст примечания Библиогр.: с. 254-264
510 1# - ПАРАЛЛЕЛЬНОЕ ЗАГЛАВИЕ
Связь между полями z11790
Параллельное заглавие Degradation of ameliorated soils in Russia and adjacent countries as resulted from changes in their water regime. Methods of protection
Язык заглавия английский
606 1# - НАИМЕНОВАНИЕ ТЕМЫ КАК ПРЕДМЕТ
Наименование темы Почвы мелиорируемые
Формальный подзаголовок Учебные издания для высших учебных заведений
Тематический подзаголовок Деградация
-- Влияние водного режима
Системный номер авторитетной/нормативной записи 2248713
Идентификатор авторитетной/нормативной записи RU\NLR\AUTH\6601579704
606 1# - НАИМЕНОВАНИЕ ТЕМЫ КАК ПРЕДМЕТ
Наименование темы Почвы мелиорируемые
Формальный подзаголовок Учебные издания для высших учебных заведений
Тематический подзаголовок Деградация
-- Борьба с ней
Системный номер авторитетной/нормативной записи 2248728
Идентификатор авторитетной/нормативной записи RU\NLR\AUTH\6601579710
675 ## - УНИВЕРСАЛЬНАЯ ДЕСЯТИЧНАЯ КЛАССИФИКАЦИЯ (UDC/УДК)
Индекс 631.4
686 1# - ИНДЕКСЫ ДРУГИХ КЛАССИФИКАЦИЙ
Индекс П064 я73
700 #1 - ИМЯ ЛИЦА - ПЕРВИЧНАЯ ОТВЕТСТВЕННОСТЬ
Материалы, к которым относится поле rus
Графика поля Кириллица
Начальный элемент ввода Зайдельман
Часть имени, кроме начального элемента ввода Ф. Р.
Даты 1929-
Расширение инициалов личного имени Феликс Рувимович
Идентификатор авторитетной/нормативной записи RU\NLR\AUTH\7731999
Системный номер авторитетной/нормативной записи 15009
790 #1 - ИМЯ ЛИЦА - АЛЬТЕРНАТИВНАЯ ФОРМА
Связь между полями z11510
Начальный элемент ввода Zajdel'man
Часть имени, кроме начального элемента ввода F. R.
Расширение инициалов личного имени Feliks Ruvimovic
801 #0 - ИСТОЧНИК ЗАПИСИ
Страна российская федерация
Организация РГБ
Дата составления 20150731
Правила каталогизации RCR
942 ## - ДОПОЛНИТЕЛЬНЫЕ ЭЛЕМЕНТЫ ЗАПИСИ (АБИС)
Тип экземпляра АБИС Книга
980 ## - КОЛЛЕКЦИЯ
Название коллекции НБР

Нет доступных экземпляров.